| 000 | 01047nam a2200241 a 4500 | ||
|---|---|---|---|
| 005 | 20160303092149.0 | ||
| 008 | 111103s2002 ck a gr 000 0 spa d | ||
| 020 | _a9588137438 | ||
| 040 |
_aCO-BoBLA _cCO-BoBLA _dCo-BoIAVH |
||
| 041 | 0 | _aspa | |
| 044 | _ack | ||
| 082 | 0 | 4 |
_a628.15 _bM66s |
| 110 | 1 |
_aColombia. _bMinisterio de Desarrollo Económico. |
|
| 245 | 1 | 0 |
_aSector de agua potable y saneamiento básico : _bretos y resultados / _cMinisterio de Desarrollo Económico, Dirección General de Agua Potable y Saneamiento Básico. |
| 260 |
_aBogotá : _bMinisterio de Desarrollo Económico, _c2002. |
||
| 300 |
_a582 páginas : _bIlustraciones ; _c24 x 16 cm. |
||
| 650 | 1 | 6 |
_aAcueductos _x Planificación _z Colombia. |
| 650 | 2 | 4 |
_aAlcantarillado _x Planificación _z Colombia. |
| 650 | 1 | 4 |
_aDistribución del agua _x Planificación _z Colombia. |
| 650 | 2 | 4 |
_aSaneamiento _x Planificación _z Colombia. |
| 710 | 2 | _aDirección General de Agua Potable y Saneamiento Básico. | |
| 942 |
_2ddc _cLIBRO |
||
| 999 |
_c3936 _d3936 |
||